000 00644nam a2200169 i 4500
001 102095
003 ES-MaACL
005 20230906183037.0
007 t|
008 051103s1928 sp ||||1| spa d
110 2 _aUniversidad de Santiago de Compostela.
_bBiblioteca América.
_9172991
245 1 0 _aMemoria y balance que la comisión protectora en Buenos Aires de la Biblioteca América de la Universidad de Santiago presenta a sus asociados.
260 _aBuenos Aires :
_bIberia,
_c1928.
300 _a32 p. ;
_c18 cm.
610 2 _aUniversidad de Santiago de Compostela.
_bBiblioteca América.
_9172991
852 _aES-MaACL
_j1730-F-18
999 _c102095
_d102095